| 000 | 00435cam a2200181ua 4500 | ||
|---|---|---|---|
| 001 | 9359 | ||
| 008 | 160819n ii |||gr||||Z||||||eng | ||
| 040 | _cMAIN | ||
| 041 | _aeng | ||
| 082 | _a820 | ||
| 245 |
_aHornbill _btextbook in English for HS first year |
||
| 250 | _a1st ed. | ||
| 260 |
_aGuwahati: _bAHSEC, _c2010. |
||
| 300 | _a118p. | ||
| 653 | _aEnglish.& Old English literatures | ||
| 653 | _aEnglish textbook | ||
| 942 | _cBK | ||
| 999 |
_c8419 _d8419 |
||